Statistics for National Parks In New Mexico

Click here to take the quiz!

General Stats

  • This quiz has been taken 6 times
  • The average score is 7 of 15

Answer Stats

TypeAnswer% Correct
NPCarlsbad Caverns
100%
NPWhite Sands
100%
NMBandelier
50%
NMEl Malpais
50%
NMEl Morro
50%
NMFort Union
50%
NHPPecos
50%
NMPetroglyph
50%
NMAztec Ruins
25%
NMCapulin Volcano
25%
NHPChaco Culture
25%
NMGila Cliff Dwellings
25%
NMSalinas Pueblo Missions
25%
N PRESValles Caldera
25%
NHPManhattan Project
0%

Score Distribution

Percentile by Number Answered

Percent of People with Each Score

Your Score History

You have not taken this quiz